| 000 | 01989cam a2200529 a 4500 | ||
|---|---|---|---|
| 001 | 21436 | ||
| 003 | VRT | ||
| 005 | 20260302110816.0 | ||
| 008 | 240318s2013 xo a b 000 j slo | ||
| 015 | _aSNBA2013/08 | ||
| 020 |
_a9788081420870 _q(viaz.) |
||
| 035 | _a42164EB0-D76D-42AB-A5C3-7261B3ACA719 | ||
| 035 | _aurn:nbn:sk:snk-amjypp | ||
| 035 | _aurn:nbn:sk:snk-am0080a7 | ||
| 039 | 9 |
_a202505262041 _bAUTHORITY _c202403181617 _dVLOAD _c202312041830 _dAUTHORITY _c202312041826 _dAUTHORITY |
|
| 040 |
_aSVKBB _bslo _cSVKBB _dSNK _eAACR2 |
||
| 041 | 1 |
_aslo _heng |
|
| 044 |
_axo _cSK |
||
| 072 | 7 |
_a821-93 _xLiteratúra pre deti a mládež (beletria) _2konspekt |
|
| 080 |
_a821-93 _22001 |
||
| 080 |
_a(0:82-34) _22001 |
||
| 100 | 1 |
_aMaletić, Gordana, _d1952- _4aut |
|
| 240 | 1 | 0 |
_aGolden Key _lSlovensky |
| 245 | 1 | 0 |
_aZlatý kľúčik _cpodľa rozprávky Alexeja Nikolajeviča Tolstého prerozprávala Gordana Maletićová ; ilustrácie Ana Grigorjevová ; [preložila Zuzana Kamenská] |
| 250 | _a[1. vyd.] | ||
| 260 |
_aBratislava _bFortuna Libri _c2013 |
||
| 300 |
_a[63] s. _bilustr. _c27 cm |
||
| 490 | 1 | _aFortuna Junior | |
| 500 | _aPreložené z angličtiny | ||
| 655 | 7 |
_arozprávky _2SNKPH |
|
| 655 | 7 |
_aFairy tales _2SNKPHeng |
|
| 655 | 7 |
_aChildren's literature _2SNKPHeng |
|
| 655 | 7 |
_apublikácie pre deti _2SNKPH |
|
| 700 | 1 |
_aGrigorjev, Ana _4ill |
|
| 700 | 1 |
_aTrstenská, Zuzana, _d1982- _4trl |
|
| 700 | 1 |
_aTolstoj, Aleksej Nikolajevič, _d1883-1945 _4aut |
|
| 830 | 0 | _aFortuna Junior | |
| 910 | _apppk | ||
| 942 |
_2ddc _cKLDE _n0 |
||
| 949 |
_63869A13503 _abpksh821-93 _bbpksh63283 |
||
| 949 |
_6273K0567931 _asvkpoC 54073 _bsvkpo569717 |
||
| 949 |
_6270001000415681 _asvkbbC 57821 _bsvkbbm 736832 |
||
| 949 |
_617A1074456 _asnkSB 85348 _bsnk2013/17444 _o1682/13 _s6100:20140925 |
||
| 949 |
_617A1074455 _asnkSB 85348 D1 _bsnk2013/17445 _o1682/13 |
||
| 949 |
_64710710287 _astrmkM _bstrmk2013/10287 |
||
| 999 |
_c21436 _d21436 |
||